Mormonism and inspiration; (Record no. 1478)

MARC details
000 -LEADER
fixed length control field 00634cam a2200217u 4500
001 - CONTROL NUMBER
control field 7507872
003 - CONTROL NUMBER IDENTIFIER
control field GBCCL
005 - DATE AND TIME OF LATEST TRANSACTION
control field 20241126110402.0
008 - FIXED-LENGTH DATA ELEMENTS--GENERAL INFORMATION
fixed length control field 821209s1962 cau 000 0 eng
010 ## -
-- 63002729
040 ## - CATALOGING SOURCE
Original cataloging agency DLC
Transcribing agency CarP
Modifying agency DLC
050 00 -
-- BX8622
-- .F7
082 ## - DEWEY DECIMAL CLASSIFICATION NUMBER
Classification number 289.322
Item number FRE
100 1# - MAIN ENTRY--PERSONAL NAME
Personal name Free, Jack. [from old catalog]
9 (RLIN) 2963
245 10 - TITLE STATEMENT
Title Mormonism and inspiration;
Remainder of title a study.
260 ## - PUBLICATION, DISTRIBUTION, ETC.
Place of publication, distribution, etc. Concord, Calif.
Name of publisher, distributor, etc. Pacific Pub. Co.
Date of publication, distribution, etc. [c1962]
300 ## - PHYSICAL DESCRIPTION
Extent 381 p.
Dimensions 21 cm.
650 #0 - SUBJECT ADDED ENTRY--TOPICAL TERM
Topical term or geographic name entry element Mormon Church
General subdivision Sacred books
-- Inspiration.
9 (RLIN) 2964
906 ## - LOCAL DATA ELEMENT F, LDF (RLIN)
a 0
b cbc
c premunv
d u
e ncip
f 19
g y-gencatlg
942 ## - ADDED ENTRY ELEMENTS (KOHA)
Source of classification or shelving scheme Dewey Decimal Classification
Koha item type Books
Koha issues (borrowed), all copies 2
Holdings
Withdrawn status Lost status Source of classification or shelving scheme Damaged status Not for loan Home library Current Library Shelving location Date acquired Total checkouts Full call number Barcode Date last seen Date last checked out Copy number Price effective from Koha item type
    Dewey Decimal Classification     GRACE BIBLE COLLEGE GRACE BIBLE COLLEGE Church History 2017-05-02 2 289.322 FRE 007273 2025-05-01 2023-03-09 c.1 2017-05-02 Books
© Grace Bible College Library 2025